| 000 | 01710nam0a2200361 4500 | ||
|---|---|---|---|
| 001 | RU\NLR\bibl\88991 | ||
| 005 | 20260409075955.0 | ||
| 010 |
_a520201671-9 _9300 |
||
| 021 |
_aRU _b1999-49545 _92461 |
||
| 035 | _a(NLR Aleph) 000086940 | ||
| 090 |
_a486307 _c486307 |
||
| 100 | _a20000529d1999 |||y0rusy50 ca | ||
| 101 | 0 | _arus | |
| 102 | _aRU | ||
| 105 | _aa z ||||| | ||
| 200 | 1 |
_aИнформатизация социологического образования в вузе _fЛ.Н. Старикова _gМ-во образования РФ, Кемер. гос. ун-т |
|
| 210 |
_aКемерово _cКузбассвузиздат _d1999 |
||
| 215 |
_a235,[1] с. _cил. _d20 |
||
| 320 | _aБиблиогр. в примеч.: с. 195-210 | ||
| 606 | 0 |
_aСоциологическое образование _yРоссийская Федерация _92167920 _3RU\NLR\auth\661304272 |
|
| 606 | 0 |
_aСоциология _xМетодика преподавания _xВысшая школа _92005393 _3RU\NLR\auth\661206932 |
|
| 606 | 0 |
_aСоциология _xПреподавание _xВысшая школа _92167918 _3RU\NLR\auth\661304271 |
|
| 606 |
_aОбразование _xИнформационные технологии _3RU\NLR\AUTH\661575610 _92103593 |
||
| 686 | _aЧ489.1 | ||
| 686 | _aЧ486.61 | ||
| 700 | 1 |
_4070 _8rus _7ca _aСтарикова _bЛ. Н. _cд-р социол. наук, экономика _f1955- _gЛюдмила Николаевна _3RU\NLR\auth\7794484 _977410 |
|
| 801 | 0 |
_aRU _bNLR _c20000529 _gPSBO |
|
| 801 | 1 |
_aRU _bNLR _c20000529 |
|
| 852 |
_aNLR _j2000-3/3731 |
||
| 942 | _cBOOK | ||
| 980 | _aNB | ||